Formule 1 - Vainqueurs du GP de Jerez, Espagne - Statistiques

Statistiques générales
  • Ce quiz a été pris 26 fois
  • Le résultat moyen est 6 sur 7
Statistiques - réponses
Années Pilotes % Correct
1986 Ayrton Senna
91%
1989 Ayrton Senna
91%
1994 Michael Schumacher
91%
1988 Alain Prost
86%
1990 Alain Prost
86%
1997 Mika Häkkinen
86%
1987 Nigel Mansell
82%
Aucun quiz correspondant
Distribution des résultats
% des personnes avec chaque résultat
Percentile par nombre de réponses
Votre historique - résultats
Vous n’avez pas pris ce quiz